MDQL
is popping MORE tags! Check the
thread
!
Quizzes
Events
Quiz Creation
Community
Videos
Private Events
Remove Ads
Sign In
Join for FREE
Feedback
Dark Mode
Quiz Categories
Sports
Geography
Music
Movies
Television
Just For Fun
Miscellaneous
History
Literature
Language
Science
Gaming
Entertainment
Religion
Holiday
For Kids
Quiz Lab
Recent
Popular Today
Quiz Kudos Today
Editor Picks
Curator Picks
Quizzes by...
Day
Popularity
Type
Ratings
Length
Year
Community
Subscriptions
Recent Discussions
Orange Saloon
Badges
Playlists
Quests
Create
Leaderboards
Showdown
Live 5
Trivia Bingo
Activity
Puzzle Library
Sporcle Events
Private Events
Virtual Trivia
Globe League
Become a Host
Pub Owners
SporcleCon
Opinionation
Our Games
Videos
Blog
Mobile Apps
Partnerships
Remove Ads and Go Orange
Feedback
Sports
Athletes
MLB
NBA
NHL
NFL
Soccer
Sports Teams
WWE
NCAA
Football
Premier League
Basketball
Baseball
Hockey
Golf
Tennis
Cricket
Rugby
Auto Racing
Olympics
World Cup
Sports
Athletes
MLB
NBA
NHL
NFL
Soccer
Sports Teams
WWE
NCAA
Football
Premier League
Basketball
Baseball
Hockey
Golf
Tennis
Cricket
Rugby
Auto Racing
Olympics
World Cup
Random Quiz
Search Sporcle
×
Quiz Lab
Quiz Lab
Sports
season
Type in answers that appear in a list
Type in answers that appear in a list
Classic
Best Score? Go Orange.
Pittsburgh Penguins Defensemen Stats
Can you name the Pittsburgh Penguins defensemen with 10+ goals in a season?
By
slowBURN71
6m
40 Questions
232 Plays
232 Plays
232 Plays
Comments
Comments
Give Quiz Kudos
Give Quiz Kudos
-
- Ratings
hide this ad
Replay
Link that replays current quiz
Next Quiz
Link to next quiz in quiz playlist
You Got
0%
They Got
Avg Score
68%
Avg Friend Score
Upgrade to see
Score Distribution
Jump to the score distribution portion of the page
Score
0/40
Timer
06:00
0
Plays Today
Goals
Player
% Correct
10
Kris Letang
98.7%
10
Kris Letang
98.7%
30
Paul Coffey
97%
29
Paul Coffey
97%
24
Paul Coffey
97%
15
Paul Coffey
97%
10
Paul Coffey
97%
13
Sergei Gonchar
94%
12
Sergei Gonchar
94%
12
Sergei Gonchar
94%
11
Sergei Gonchar
94%
22
Larry Murphy
87.5%
21
Larry Murphy
87.5%
17
Larry Murphy
87.5%
13
Larry Murphy
87.5%
16
Randy Carlyle
77.6%
15
Randy Carlyle
77.6%
13
Randy Carlyle
77.6%
11
Randy Carlyle
77.6%
11
Sergei Zubov
72.8%
Goals
Player
% Correct
19
Kevin Hatcher
72%
15
Kevin Hatcher
72%
11
Kevin Hatcher
72%
16
Dick Tarnstrom
71.1%
12
Zarley Zalapski
60.3%
12
Zarley Zalapski
60.3%
14
Ryan Whitney
59.5%
12
Ryan Whitney
59.5%
15
Ron Stackhouse
55.2%
11
Ron Stackhouse
55.2%
10
Ron Stackhouse
55.2%
14
Doug Bodger
44.4%
11
Doug Bodger
44.4%
15
Moe Mantha
43.1%
11
Moe Mantha
43.1%
11
Jiri Slegr
34.5%
11
Paul Baxter
16.4%
15
Darryl Edestrand
10.8%
10
Darryl Edestrand
10.8%
15
Norm Schmidt
8.2%
Quiz Playlist
Details
Report
Send in Message
Add To Playlist
Classic:
Type in answers that appear in a list
Quiz Source
Last Updated: Feb 16, 2017
Quiz Scoreboard
CHALLENGE
Sign Up to Join the Scoreboard
Show All
Scores
Hide
Comments
May contain spoilers
Recently Published
1-10 Letter E Words III
by El_Dandy
Language
2m
Street Fighter Characters
by Artimus82
Gaming
60s
College Basketball Coaching Resumes
by pancakes188
Sports
9m
More to Explore
Quiz From the Vault
Featured Blog Post
Where Did the Easter Bunny Come From?
hide this ad
You Might Also Like...
Tags
defensemen
goal
penguin
pittsburgh
Pittsburgh Penguins
Player
season
Today's Top Quizzes in Sports
Browse Sports
hide this ad
Today's Top Quizzes in season
Browse season
Top Contributed Quizzes in Sports
1
2022 World Cup Stars
2
Les meilleurs buteurs des matchs entre le PSG et l’OM
3
FIFA Club World Cup Champions
4
Les entraîneurs de l'OM et du PSG au 21e siècle
5
Criteria MLB: Left Handed Sluggers
6
2023 MLB Unique Player Accomplishments
7
AFC Teams Reveal (Wrong Answers Minefield)
8
Players with Multiple 50 Home Run Seasons
9
5-to-1: FBS Animal Nicknames
10
5-to-1: UK Sports Teams
Explore More
Trending Topics
Harry Potter
Anime
Kpop
Marvel
Disney
Crossword
NBA
WWE
Puzzle
Pokémon
Soccer
Country
NFL
The Office
Song
hide this ad
More By:
slowBURN71
Quiz
Plays
Rating
Category
Featured
Created
Leading Scorers 1992-2022
1,765
4.88
Sports
Dec 15, 2012
NHL Career Points
1,597
4.67
Sports
Dec 28, 2012
NHL Active Goals Leaders
1,494
4.83
Sports
Aug 18, 2012
NHL - Most Points - Season
1,291
5.00
Sports
Aug 23, 2012
Pittsburgh Penguins Top 10 Scorers
1,184
4.75
Sports
Jul 31, 2012
Go to Creator's Profile
Score Distribution
Quiz Creator Spotlight
slowBURN71
Follow
Send a Message
Quizzes Created
-
Created Quiz Play Count
-
More By This Creator
Popular Quizzes Today
1
Find the US States - No Outlines Minefield
2
Find the Countries of Europe - No Outlines Minefield
3
The Countries of the World
4
Find the US States
5
Risky Map Clicking: Biggest States A-Z
6
US States
7
Popular People in 1961
8
Movies - When Are They Set?
More Sports Quizzes
All about... Golden State Warriors
Curator's Pick
Trending Quizzes
Risky Map Clicking: Least Populous States A-Z
USA Borders Longest to Shortest
1-10 Letter G Words
1-10 Letter F Words
Countries of the World: 200 Million BC
Recently Updated
Leaping Animals
pecheneg
Reality TV Shows (A-Z)
bhenderson79
Rickey Henderson's Hall of Fame Teammates
pecheneg
Champions League XIs: Arsenal
pecheneg
Quick Pick: Celebrities in WWE's Hall of Fame
aduchscher
A-Z Keypad Blitz II
pecheneg
Multiple Oscar Actors
pecheneg
Mystery Phrase Blitz: Oscar 'Best Actors'
pecheneg
F. Scott Fitzgerald Novels
LTH
Pick 3 Villains
ddd62291
Trending Topics
Marvel
NBA
Kpop
Crossword
Harry Potter
Anime
Disney
Soccer
Pokémon
Country
WWE
The Office
Song
Puzzle
NFL
Your Account Isn't Verified!
In order to create a playlist on Sporcle, you need to verify the email address you used during registration. Go to your
Sporcle Settings
to finish the process.
Report this User
Report this user for behavior that violates our
Community Guidelines
.
Details:
Send Report
Go to the Sporcle.com Mobile Site →
Comments